| 000 | 00734 a2200205 4500 | ||
|---|---|---|---|
| 001 | 30793 | ||
| 005 | 20260407155617.0 | ||
| 008 | 260407a1973 arg spa d | ||
| 003 | AR-UNSa-BCEJYS | ||
| 040 |
_aAR-UNSa-BCEJYS _bspa _cAR-UNSa-BCEJYS |
||
| 080 |
_a330.101.541 _xMacroeconomía |
||
| 245 | 1 | 0 |
_aMacroeconomía _preplanteo del enfoque convencional: la problemática argentina y latinoamericana |
| 264 | 1 |
_aBuenos Aires : _bAmorrortu Editores _c1973 |
|
| 300 |
_a361 p. _c22 cm. |
||
| 505 | _a1. Introducción - 2. La macroeconomía convencional - 3. La adecuación al caso argentino - 4. A modo de síntesis | ||
| 041 | _aspa | ||
| 942 | _cBK | ||
| 590 | _aniveau_biblio:m niveau_hierar:0 | ||
| 100 | 1 | _aPablo, Juan Carlos de | |
| 999 |
_c2122 _d2122 |
||